| 000 | 004310000a22001570004500 | ||
|---|---|---|---|
| 003 | MACL | ||
| 005 | 20180304152031.0 | ||
| 008 | 180304b xxu||||| |||| 00| 0 eng d | ||
| 040 | _cmacl | ||
| 100 |
_aशुभाष कश्यप _971009 |
||
| 245 | _aहमारी संसद | ||
| 260 |
_bनेश्ानल बुक _c1991 |
||
| 350 | _a35 | ||
| 650 |
_aसंविधान _9205 |
||
| 942 |
_cHIN _k320 _2ddc |
||
| 999 |
_c21309 _d21309 |
||